[Event "COL pre olympic sf3"]
[Site "Dosquebradas"]
[Date "2018.05.31"]
[Round "2"]
[White "Calderon Zuta, Nicolas"]
[Black "Lora, Joel Fernando"]
[Result "1-0"]
[WhiteElo "1928"]
[BlackElo "2190"]
[PlyCount "78"]
[EventDate "2018.05.30"]
[EventType "swiss"]
[EventRounds "10"]
[EventCountry "COL"]
[SourceTitle "CBM 184 Extra"]
[Source "ChessBase"]
[SourceDate "2018.06.28"]
[SourceVersion "1"]
[SourceVersionDate "2018.06.28"]
[SourceQuality "1"]

1. e4 e5 2. Nf3 Nc6 3. Bc4 Bc5 4. c3 Nf6 5. d3 a6 6. Nbd2 Ba7 7. Bb3 d6 8. h3 0-0 9. 0-0 Be6 10. Re1 Qd7 11. Nf1 h6 12. Bc2 Rfe8 13. Qe2 Rad8 14. Be3 Bxe3 15. Nxe3 d5 16. a3 d4 17. Nf1 b5 18. Ng3 Nh7 19. Qd2 f6 20. Nh4 Ng5 21. Ngf5 Kh7 22. f4 exf4 23. Qxf4 g6 24. Ng3 Rf8 25. Qf1 Ne5 26. Ne2 c5 27. cxd4 cxd4 28. Rac1 f5 29. exf5 Bxf5 30. Nf4 Bxd3 31. Bxd3 Rxf4 32. Qxf4 Nxd3 33. Qf6 Nxe1 34. Qxg6+ Kh8 35. Qxh6+ Nh7 36. Rxe1 Re8 37. Rxe8+ Qxe8 38. Nf3 Qe3+ 39. Qxe3 dxe3 1-0

[Event "COL pre olympic sf3"]
[Site "Dosquebradas"]
[Date "2018.05.31"]
[Round "3"]
[White "Rios Gomez, Cristhian Camilo"]
[Black "Calderon Zuta, Nicolas"]
[Result "1-0"]
[WhiteElo "2445"]
[BlackElo "1928"]
[PlyCount "51"]
[EventDate "2018.05.30"]
[EventType "swiss"]
[EventRounds "10"]
[EventCountry "COL"]
[SourceTitle "CBM 184 Extra"]
[Source "ChessBase"]
[SourceDate "2018.06.28"]
[SourceVersion "1"]
[SourceVersionDate "2018.06.28"]
[SourceQuality "1"]

1. d4 Nf6 2. c4 g6 3. f3 d5 4. cxd5 Nxd5 5. e4 Nb6 6. Nc3 Bg7 7. Be3 Nc6 8. d5 Ne5 9. f4 Ned7 10. a4 a5 11. e5 0-0 12. Nf3 Nb8 13. Be2 Na6 14. Qb3 Bf5 15. Rd1 Nb4 16. Nd4 Qc8 17. 0-0 Rd8 18. Nxf5 Qxf5 19. Bc5 Bf8 20. Rd2 h5 21. Qd1 Qd7 22. f5 Bh6 23. fxg6 fxg6 24. e6 Qe8 25. Rf7 Rac8 26. Qb1 1-0

[Event "COL-ch sf 2nd"]
[Site "Tunja"]
[Date "2018.04.21"]
[Round "8"]
[White "Mateus, Alejandro"]
[Black "Calderon Zuta, Nicolas"]
[Result "1-0"]
[WhiteElo "2321"]
[BlackElo "2027"]
[PlyCount "37"]
[EventDate "2018.04.17"]
[EventType "swiss"]
[EventRounds "10"]
[EventCountry "COL"]
[SourceTitle "CBM 184 Extra"]
[Source "ChessBase"]
[SourceDate "2018.06.28"]
[SourceVersion "1"]
[SourceVersionDate "2018.06.28"]
[SourceQuality "1"]

1. e4 c5 2. Nf3 g6 3. d4 cxd4 4. Qxd4 Nf6 5. Nc3 Nc6 6. Qa4 Bg7 7. e5 Ng8 8. Bf4 Nh6 9. h3 0-0 10. 0-0-0 a6 11. g4 Rb8 12. Nd5 b5 13. Qa3 Kh8 14. Qe3 Ng8 15. h4 d6 16. h5 Bxg4 17. Bd3 Bxh5 18. Rxh5 gxh5 19. Qe4 1-0

[Event "COL-ch sf 2nd"]
[Site "Tunja"]
[Date "2018.04.19"]
[Round "5"]
[White "Calderon Zuta, Nicolas"]
[Black "Acosta Cruz, Luis Ivan"]
[Result "1-0"]
[WhiteElo "2027"]
[BlackElo "1836"]
[PlyCount "77"]
[EventDate "2018.04.17"]
[EventType "swiss"]
[EventRounds "10"]
[EventCountry "COL"]
[SourceTitle "CBM 184 Extra"]
[Source "ChessBase"]
[SourceDate "2018.06.28"]
[SourceVersion "1"]
[SourceVersionDate "2018.06.28"]
[SourceQuality "1"]

1. b3 Nf6 2. Bb2 g6 3. Bxf6 exf6 4. c4 Bg7 5. Nc3 0-0 6. g3 c6 7. Bg2 Na6 8. Nh3 Nc7 9. 0-0 f5 10. d4 d5 11. cxd5 Nxd5 12. Nxd5 cxd5 13. e3 Be6 14. Nf4 Qa5 15. Qe2 Rac8 16. Rac1 Rfd8 17. Qb2 Bf8 18. a4 Bd6 19. Nd3 Bb4 20. Rxc8 Rxc8 21. Rc1 Rxc1+ 22. Qxc1 Bd6 23. Qe1 Qxe1+ 24. Nxe1 b6 25. Nd3 g5 26. Kf1 Kf8 27. Ke2 a5 28. f4 f6 29. Kd2 Ke7 30. Kc3 Kd7 31. Bf3 g4 32. Be2 Kc7 33. Kc2 Bd7 34. Ne1 Bb4 35. Ng2 Bc6 36. Bd3 Bd7 37. Kd1 b5 38. axb5 Kb6 39. Nh4 1-0

[Event "COL-ch sf 2nd"]
[Site "Tunja"]
[Date "2018.04.18"]
[Round "2"]
[White "Rios Parra, Alejandro"]
[Black "Calderon Zuta, Nicolas"]
[Result "1-0"]
[WhiteElo "2302"]
[BlackElo "2027"]
[PlyCount "97"]
[EventDate "2018.04.17"]
[EventType "swiss"]
[EventRounds "10"]
[EventCountry "COL"]
[SourceTitle "CBM 184 Extra"]
[Source "ChessBase"]
[SourceDate "2018.06.28"]
[SourceVersion "1"]
[SourceVersionDate "2018.06.28"]
[SourceQuality "1"]

1. e4 g6 2. d4 Bg7 3. Nc3 c5 4. Nf3 cxd4 5. Nxd4 Nc6 6. Nb3 Nf6 7. Be2 0-0 8. 0-0 d6 9. Bg5 Be6 10. Kh1 Qc8 11. f4 a5 12. a4 Nb4 13. Bf3 Rd8 14. Nd4 Bc4 15. Rf2 e5 16. Ndb5 exf4 17. Rd2 Qc5 18. Bxf4 Ne8 19. Nxd6 Nxd6 20. Bxd6 Qg5 21. Bf4 Qe7 22. Qe1 Rxd2 23. Qxd2 Rd8 24. Qc1 Qd7 25. h3 Qe7 26. Nd1 Rc8 27. Qd2 Rd8 28. Qf2 h5 29. Rc1 Na2 30. Rb1 Be6 31. Be3 Rc8 32. c3 Qd7 33. Qd2 Qxa4 34. Nf2 Qe8 35. Bh6 Bh8 36. Qd6 Kh7 37. Bf4 Rc6 38. Qa3 Rb6 39. Ra1 Qb5 40. Nd1 a4 41. Rxa2 Bxa2 42. Qxa2 Qb3 43. Qxb3 Rxb3 44. Bd6 Rb6 45. Ba3 Be5 46. Ne3 Bxc3 47. Nd5 Bxb2 48. Nxb6 Bxa3 49. Nxa4 1-0

[Event "COL-ch U18"]
[Site "Cali"]
[Date "2018.04.13"]
[Round "6"]
[White "Calderon Zuta, Nicolas"]
[Black "Oliveros, Camilo"]
[Result "0-1"]
[WhiteElo "2027"]
[BlackElo "2144"]
[PlyCount "96"]
[EventDate "2018.04.10"]
[EventType "tourn"]
[EventRounds "9"]
[EventCountry "COL"]
[SourceTitle "CBM 184 Extra"]
[Source "ChessBase"]
[SourceDate "2018.06.28"]
[SourceVersion "1"]
[SourceVersionDate "2018.06.28"]
[SourceQuality "1"]

1. e4 c6 2. d4 d5 3. exd5 cxd5 4. c4 Nf6 5. Nc3 g6 6. cxd5 Nxd5 7. Bb5+ Bd7 8. Bc4 Nb6 9. Bb3 Bg7 10. Nf3 0-0 11. h3 Nc6 12. 0-0 Bf5 13. Be3 Na5 14. Bc2 Be6 15. Ng5 Bc4 16. Re1 h6 17. Nf3 Be6 18. Bf4 Rc8 19. Qc1 Nd5 20. Bxh6 Nxc3 21. bxc3 Rxc3 22. Bxg7 Kxg7 23. Qd2 Rc6 24. Be4 Rd6 25. Rad1 Bd5 26. Qg5 Nc6 27. Qg3 Qa5 28. Nh4 Bxe4 29. Rxe4 Rfd8 30. Rf4 Qh5 31. Rd3 Rf6 32. Rxf6 exf6 33. Nf3 Qa5 34. a3 Qb5 35. Rd2 Qb3 36. Qc7 Qxa3 37. d5 Qe7 38. Qg3 Na5 39. d6 Qe6 40. Qf4 Nc4 41. Rd1 Rxd6 42. Re1 Qd5 43. h4 Nd2 44. Nxd2 Qxd2 45. Re3 Re6 46. h5 Qd1+ 47. Kh2 Qxh5+ 48. Rh3 Qe5 0-1

[Event "Bogota sf3 U18"]
[Site "Bogota"]
[Date "2018.03.30"]
[Round "3.1"]
[White "Marcial Torres, Jesus"]
[Black "Calderon Zuta, Nicolas"]
[Result "1-0"]
[WhiteElo "2076"]
[BlackElo "1878"]
[PlyCount "71"]
[EventDate "2018.03.29"]
[EventType "swiss"]
[EventRounds "6"]
[EventCountry "COL"]
[SourceTitle "EXT 2024"]
[Source "ChessBase"]
[SourceDate "2023.10.10"]
[SourceVersion "1"]
[SourceVersionDate "2023.10.10"]
[SourceQuality "1"]

1. e4 c5 2. Nc3 e6 3. g3 a6 4. Bg2 b5 5. a3 Bb7 6. d3 Nf6 7. Nh3 b4 8. axb4 cxb4 9. Ne2 d5 10. e5 Ng8 11. 0-0 Ne7 12. d4 Nbc6 13. Nhf4 Nf5 14. Bh3 Nce7 15. Nd3 Ng6 16. Bxf5 exf5 17. Nef4 Nxf4 18. Nxf4 Qc7 19. Qd3 g6 20. Bd2 Be7 21. Qb3 Qc4 22. Qxc4 dxc4 23. Ra4 Bc6 24. Ra5 0-0 25. Rfa1 Bb7 26. Nd5 Bxd5 27. Rxd5 Rfd8 28. Rxd8+ Rxd8 29. c3 f6 30. f4 fxe5 31. fxe5 Bc5 32. Rxa6 Bxd4+ 33. cxd4 Rxd4 34. Bxb4 Re4 35. e6 Re2 36. Bc3 1-0

[Event "COL-ch Amateur U2000"]
[Site "Bogota"]
[Date "2018.02.17"]
[Round "5.8"]
[White "Calderon Zuta, Nicolas"]
[Black "Ramirez Beltran, Francisco Javier"]
[Result "1-0"]
[WhiteElo "1877"]
[BlackElo "1966"]
[PlyCount "77"]
[EventDate "2018.02.15"]
[EventType "swiss"]
[EventRounds "7"]
[EventCountry "COL"]
[SourceTitle "EXT 2024"]
[Source "ChessBase"]
[SourceDate "2023.10.10"]
[SourceVersion "1"]
[SourceVersionDate "2023.10.10"]
[SourceQuality "1"]

1. d4 d5 2. Bf4 Nf6 3. Nf3 a6 4. e3 Bg4 5. Be2 Nbd7 6. Nbd2 c5 7. c3 e6 8. 0-0 Be7 9. Ne5 Bxe2 10. Qxe2 0-0 11. Bg3 Rc8 12. f4 cxd4 13. exd4 g6 14. Bh4 Nxe5 15. fxe5 Nd7 16. Bg3 h5 17. Rf3 Nb6 18. Raf1 Nc4 19. Nxc4 Rxc4 20. Qf2 Qe8 21. Bf4 Kg7 22. Qe3 Rh8 23. Bg5 Rc7 24. Rxf7+ Qxf7 25. Rxf7+ Kxf7 26. Bxe7 Rxe7 27. Qg5 Rg8 28. Qf6+ Ke8 29. a4 Kd7 30. a5 Rgg7 31. Qf8 Kc7 32. Qa8 Rd7 33. Qa7 Rge7 34. b3 Rd8 35. b4 Rdd7 36. b5 axb5 37. a6 Re8 38. Qxb7+ Kd8 39. a7 1-0

[Event "Medellin Flores op 24th"]
[Site "Medellin"]
[Date "2017.08.06"]
[Round "7"]
[White "Calderon Zuta, Nicolas"]
[Black "Ramos Arboleda, Dellys Carolina"]
[Result "1-0"]
[WhiteElo "1880"]
[BlackElo "1766"]
[PlyCount "92"]
[EventDate "2017.08.03"]
[EventType "swiss"]
[EventRounds "9"]
[EventCountry "COL"]
[SourceTitle "CBM 179 Extra"]
[Source "ChessBase"]
[SourceDate "2017.08.23"]
[SourceVersion "1"]
[SourceVersionDate "2017.08.23"]
[SourceQuality "1"]

1. d4 e6 2. Bf4 c5 3. c3 d5 4. Nf3 Nc6 5. e3 Nf6 6. Nbd2 Be7 7. Bd3 0-0 8. 0-0 b6 9. Ne5 Nxe5 10. dxe5 Nd7 11. Qg4 f5 12. exf6 Nxf6 13. Qe2 Bb7 14. Rad1 Rc8 15. Bg3 Bd6 16. Bxd6 Qxd6 17. e4 Nd7 18. Rfe1 Ne5 19. exd5 Nxd3 20. Qxd3 Qxd5 21. Qxd5 exd5 22. Re7 Rf7 23. Rde1 Bc6 24. f3 a6 25. Kf2 Rxe7 26. Rxe7 Re8 27. Rc7 Bb5 28. c4 dxc4 29. Ne4 Rf8 30. Ke3 Rf7 31. Rc8+ Rf8 32. Nd6 Bd7 33. Rxf8+ Kxf8 34. Nxc4 b5 35. Ne5 Be6 36. Nd3 Bxa2 37. Nxc5 a5 38. Kd4 Bc4 39. g3 Be2 40. f4 Ke7 41. Nb7 Ke6 42. Nxa5 Kf5 43. Ke3 Bf1 44. Nc6 Kg4 45. Kf2 Bc4 46. Ne5+ Kh3 1-0

[Event "Medellin Flores op 24th"]
[Site "Medellin"]
[Date "2017.08.04"]
[Round "3"]
[White "Blandon Villa, Diego F"]
[Black "Calderon Zuta, Nicolas"]
[Result "1-0"]
[WhiteElo "2234"]
[BlackElo "1880"]
[PlyCount "45"]
[EventDate "2017.08.03"]
[EventType "swiss"]
[EventRounds "9"]
[EventCountry "COL"]
[SourceTitle "CBM 179 Extra"]
[Source "ChessBase"]
[SourceDate "2017.08.23"]
[SourceVersion "1"]
[SourceVersionDate "2017.08.23"]
[SourceQuality "1"]

1. e4 c5 2. Nf3 e6 3. d4 cxd4 4. Nxd4 a6 5. Bd3 Nf6 6. Nc3 Qc7 7. 0-0 Nc6 8. Be3 Nxd4 9. Bxd4 Bc5 10. Be2 Qd6 11. Bxc5 Qxc5 12. Qd3 0-0 13. Bf3 Rb8 14. Rfe1 b5 15. e5 Ne8 16. Rad1 Qe7 17. Qd4 b4 18. Qa7 bxc3 19. Qxb8 Qc5 20. b4 Qc7 21. Qxc7 Nxc7 22. Re3 Nb5 23. a4 1-0

[Event "COL-chT"]
[Site "Ibague"]
[Date "2017.07.19"]
[Round "1.3"]
[White "Calderon Zuta, Nicolas"]
[Black "Hernandez Montes, Jhon Sebastian"]
[Result "0-1"]
[WhiteElo "1874"]
[BlackElo "2264"]
[PlyCount "78"]
[EventDate "2017.07.19"]
[EventType "team-swiss"]
[EventRounds "6"]
[EventCountry "COL"]
[SourceTitle "CBM 179 Extra"]
[Source "ChessBase"]
[SourceDate "2017.08.23"]
[SourceVersion "1"]
[SourceVersionDate "2017.08.23"]
[SourceQuality "1"]
[WhiteTeam "Huila"]
[BlackTeam "Antioquia"]
[WhiteTeamCountry "COL"]
[BlackTeamCountry "COL"]

1. d4 Nf6 2. Nf3 g6 3. Bf4 Bg7 4. e3 0-0 5. Be2 d6 6. h3 Nc6 7. 0-0 Nd7 8. c3 e5 9. Bh2 h6 10. Nbd2 f5 11. Rc1 g5 12. Ne1 Nf6 13. Nc4 Qe7 14. Nd3 e4 15. Nb4 Nd8 16. Na5 Kh8 17. c4 b6 18. Nb3 a5 19. Nd5 Nxd5 20. cxd5 Bb7 21. Qc2 Rc8 22. Qc4 Qf7 23. Qb5 Ra8 24. Bc4 f4 25. Nd2 f3 26. g4 h5 27. Nxe4 hxg4 28. hxg4 Ba6 29. Qb3 Qd7 30. Ng3 Qxg4 31. Kh1 Bc8 32. Rg1 Qh4 33. Qd3 Rf6 34. Nf1 Bh3 35. Rg3 Rh6 36. Nd2 Bg2+ 37. Rxg2 fxg2+ 38. Kxg2 Qxh2+ 39. Kf3 Qh5+ 0-1

[Event "COL-ch"]
[Site "Palmira"]
[Date "2017.05.16"]
[Round "2"]
[White "Mendoza, Rafael"]
[Black "Calderon Zuta, Nicolas"]
[Result "1-0"]
[WhiteElo "2290"]
[BlackElo "1852"]
[PlyCount "39"]
[EventDate "2017.05.15"]
[EventType "swiss"]
[EventRounds "10"]
[EventCountry "COL"]
[SourceTitle "CBM 178 Extra"]
[Source "ChessBase"]
[SourceDate "2017.06.22"]
[SourceVersion "1"]
[SourceVersionDate "2017.06.22"]
[SourceQuality "1"]

1. e4 c5 2. Nf3 Nc6 3. Bb5 Nd4 4. Nxd4 cxd4 5. 0-0 e6 6. d3 Ne7 7. c3 a6 8. Ba4 dxc3 9. Nxc3 b5 10. Bb3 d6 11. Be3 Nc6 12. Rc1 Bb7 13. f4 Na5 14. f5 Nxb3 15. Qxb3 e5 16. Nd5 Bxd5 17. Qxd5 Rb8 18. Ba7 Rc8 19. Qb7 Ra8 20. Rc7 1-0

[Event "COL-ch Superate fin-B"]
[Site "Bogota"]
[Date "2016.11.16"]
[Round "3.4"]
[White "Rincon R, Javier Duvan"]
[Black "Calderon Zuta, Nicolas"]
[Result "1-0"]
[WhiteElo "1865"]
[BlackElo "1822"]
[PlyCount "61"]
[EventDate "2016.11.15"]
[EventType "swiss"]
[EventRounds "5"]
[EventCountry "COL"]
[SourceTitle "EXT 2024"]
[Source "ChessBase"]
[SourceDate "2023.10.10"]
[SourceVersion "1"]
[SourceVersionDate "2023.10.10"]
[SourceQuality "1"]

1. d4 Nf6 2. c4 g6 3. g3 Bg7 4. Bg2 0-0 5. Nf3 Re8 6. 0-0 d6 7. Nc3 Nbd7 8. b3 c5 9. Bb2 Rb8 10. dxc5 Nxc5 11. Nd4 Bg4 12. Rc1 Qd7 13. Re1 Bh6 14. Rb1 Bh3 15. Nd5 Nce4 16. Nxf6+ Nxf6 17. Nf3 Bxg2 18. Kxg2 Bg7 19. Qd3 Rbd8 20. Red1 Qe6 21. h3 Ne4 22. Bxg7 Kxg7 23. Nd4 Qxh3+ 24. Kxh3 Nxf2+ 25. Kg2 Nxd3 26. Rxd3 Rc8 27. e4 Rc5 28. Re1 a6 29. a4 h5 30. Rf1 Ra8 31. Rdf3 1-0

[Event "COL sub zt 2.3.4"]
[Site "La Dorada"]
[Date "2016.11.07"]
[Round "9"]
[White "Martinez, Julian"]
[Black "Calderon Zuta, Nicolas"]
[Result "0-1"]
[WhiteElo "2179"]
[BlackElo "1822"]
[PlyCount "61"]
[EventDate "2016.11.02"]
[EventType "swiss"]
[EventRounds "9"]
[EventCountry "COL"]
[SourceTitle "CBM 175 Extra"]
[Source "ChessBase"]
[SourceDate "2016.12.12"]
[SourceVersion "1"]
[SourceVersionDate "2016.12.12"]
[SourceQuality "1"]

1. e4 c5 2. b4 cxb4 3. a3 e6 4. d4 d5 5. e5 Nc6 6. Nf3 Qa5 7. Bd3 Qb6 8. axb4 Bxb4+ 9. c3 Bf8 10. 0-0 Nge7 11. Ba3 Ng6 12. Bxf8 Nxf8 13. Na3 a6 14. Nb5 Ng6 15. Nd6+ Kf8 16. Ng5 Nd8 17. Qh5 Kg8 18. Ngxf7 Nxf7 19. Nxf7 Nf4 20. Nh6+ gxh6 21. Qe8+ Kg7 22. Qe7+ Kg8 23. Rfb1 Qc6 24. Qd8+ Kg7 25. Qf6+ Kg8 26. Qxf4 Bd7 27. Bb5 Qc8 28. Bxd7 Qxd7 29. Rb6 Rf8 30. Qxh6 Qf7 31. Rxe6 0-1

[Event "COL sub zt 2.3.4"]
[Site "La Dorada"]
[Date "2016.11.06"]
[Round "8"]
[White "Calderon Zuta, Nicolas"]
[Black "Leon Acevedo, Juan Alejandro"]
[Result "1-0"]
[WhiteElo "1822"]
[BlackElo "1529"]
[PlyCount "103"]
[EventDate "2016.11.02"]
[EventType "swiss"]
[EventRounds "9"]
[EventCountry "COL"]
[SourceTitle "CBM 175 Extra"]
[Source "ChessBase"]
[SourceDate "2016.12.12"]
[SourceVersion "1"]
[SourceVersionDate "2016.12.12"]
[SourceQuality "1"]

1. e4 c5 2. Nf3 d6 3. d4 cxd4 4. Nxd4 Nf6 5. f3 g6 6. c4 Bg7 7. Nc3 0-0 8. Be3 Nc6 9. Qd2 Bd7 10. Be2 Rc8 11. Rc1 a6 12. 0-0 Re8 13. Rfd1 h5 14. b3 Kh7 15. Kh1 Rb8 16. Nd5 Ne5 17. Nxf6+ Bxf6 18. c5 Bc8 19. cxd6 exd6 20. Nc2 Be7 21. Nb4 Be6 22. Nd5 Bxd5 23. Qxd5 Kg7 24. Bf4 Bf8 25. Bc4 Nxc4 26. Rxc4 Re6 27. Rdc1 Qf6 28. Be3 Qd8 29. Rc7 Re7 30. Bb6 Rxc7 31. Rxc7 Qe8 32. Ba5 b5 33. Bc3+ Kg8 34. Qd4 Qe5 35. Qxe5 dxe5 36. Bxe5 Rd8 37. h3 Ra8 38. Bf6 a5 39. Rb7 b4 40. Be5 a4 41. Rb8 Rxb8 42. Bxb8 a3 43. Be5 Bg7 44. Bxg7 Kxg7 45. Kg1 Kf6 46. Kf2 Ke5 47. Ke3 g5 48. g3 f6 49. h4 gxh4 50. gxh4 Ke6 51. Kd4 Kd6 52. f4 1-0